| 000 | 00819agm a2200253 4500 | ||
|---|---|---|---|
| 005 | 20170224101428.0 | ||
| 008 | 150512b xxu||||| |||| 00| 0 spa d | ||
| 041 | _aspa | ||
| 082 | _a 291 DVD | ||
| 100 |
_aOsorio, Lucía _940673 |
||
| 245 | _aEl sonido de la vida | ||
| 300 | _a22 minutos | ||
| 500 | _aDocumental sobre la condición de los niños con discapacidad auditiva en el periodo de su educación regular | ||
| 650 |
_aCOSTA RICA _940674 |
||
| 650 |
_aDISCAPACIDAD AUDITIVA _928067 |
||
| 650 |
_aSORDERA _935168 |
||
| 650 |
_aNECESIDADES EDUCATIVAS ESPECIALES _931859 |
||
| 650 |
_aADECUACIÓN CURRICULAR _91010 |
||
| 650 |
_aENSEÑANZA ESPECIAL _940675 |
||
| 650 |
_aNIÑOS CON DISCAPACIDAD _940676 |
||
| 650 |
_aEDUCACIÓN INTEGRAL _940677 |
||
| 650 |
_aACCESO A LA EDUCACIÓN _940678 |
||
| 942 | _cDVD | ||
| 999 |
_c5402 _d5402 |
||